| 000 | 00346nam a22001217a 4500 | ||
|---|---|---|---|
| 999 |
_c3267 _d3267 |
||
| 005 | 20201120102914.0 | ||
| 008 | 201120b ||||| |||| 00| 0 eng d | ||
| 020 | _a2366 | ||
| 040 | _cCML | ||
| 245 |
_aThe World is Round. _cDebenham F. |
||
| 260 |
_aLondon _bMacdonald and Co. Ltd. _c1958 |
||
| 942 |
_2ddc _cBK _e1st Edition _h912 _mMCD |
||